Cambodia, a country study.

Bibliographic Details
Corporate Authors: Library of Congress. Federal Research Division, United States. Department of the Army
Other Authors: Ross, Russell R., 1935-
Format: Government Document Book
Language:English
Published: Washington, D.C. : The Division : Headquarters, Dept. of the Army : [1990]
Edition:3rd ed.
Series:Area handbook series.
DA pam ; 550-50.
Subjects:
Online Access:http://lcweb2.loc.gov/frd/cs/khtoc.html

MARC

Tag First Indicator Second Indicator Subfields
LEADER 00000cam a2200000 a 4500
001 in00001423913
005 20151020073558.0
008 890530s1990 dcuab b f001 0 eng
010 |a  89600150  
020 |c $18.00 
035 |a (OCoLC)19886221 
035 |9 AHQ4897AM 
037 |a 008-020-01203-3  |b GPO 
040 |d OCL  |d TEU  |d GPO  |d AGL  |d GPO  |d DLC  |d MvI  |d UtOrBLW 
043 |a a-cb--- 
050 0 0 |a DS554.3  |b .C34 1990 
070 0 |a DS554.3.C34  |b 1990 
072 0 |a X800 
074 |a 0327-J 
074 |a 0327-J (online) 
082 0 0 |a 959.6  |2 20 
086 0 |a D 101.22:550-50/990 
245 0 0 |a Cambodia, a country study. 
250 |a 3rd ed. 
264 1 |a Washington, D.C. :  |b The Division :  |b Headquarters, Dept. of the Army :  |c [1990] 
264 2 |a Washington, D.C. :  |b For sale by the Supt. of Docs., U.S. G.P.O., 
264 4 |c ©1990 
300 |a xxxvi, 362 pages :  |b illustrations, maps ;  |c 24 cm. 
336 |a text  |b txt  |2 rdacontent 
337 |a unmediated  |b n  |2 rdamedia 
338 |a volume  |b nc  |2 rdacarrier 
490 1 |a Area handbook series 
490 1 |a DA pam ;  |v 550-50 
500 |a Shipping list number: 90-0279-P. 
500 |a "Research completed December 1987." 
504 |a Includes bibliographical references (pages 321-339). 
500 |a Includes index. 
530 |a Also available via Internet from the Library of Congress web site. 
651 0 |a Cambodia. 
700 1 |a Ross, Russell R.,  |d 1935- 
710 2 |a Library of Congress.  |b Federal Research Division. 
710 1 |a United States.  |b Department of the Army. 
830 0 |a Area handbook series. 
830 0 |a DA pam ;  |v 550-50. 
856 7 |u http://lcweb2.loc.gov/frd/cs/khtoc.html  |2 http  |t 0 
999 |a MARS 
999 f f |s 054ab2b3-d0fc-347b-85a7-504db49d3bb4  |i 69a4a850-0882-3a45-9849-0cc45a6068cc  |t 0 
952 f f |p normal  |a Texas A&M University  |b College Station  |c Sterling C. Evans Library  |d Evans: US Documents (Annex 5th floor)  |t 0  |e D 101.22:550-50/990  |h Superintendent of Documents classification  |i unmediated -- volume  |m A14817472168 
952 f f |a Texas A&M University  |b College Station  |c Electronic Resources  |d Available Online  |t 0  |e D 101.22:550-50/990  |h Superintendent of Documents classification 
998 f f |a D 101.22:550-50/990  |t 0  |l Evans: US Documents (Annex 5th floor) 
998 f f |a D 101.22:550-50/990  |t 0  |l Available Online